000 00519pab a2200169 454500
008 180718b2012 xxu||||| |||| 00| 0 eng d
100 _aTurner, Rodney
245 _aForecasting success on large projects: Developing reliable scales to predict multiple perspectives by multiple stakeholders over multiple time frames
260 _c2012
300 _ap.87-99.
362 _aOct
650 _aProject management
700 _aZolin, Roxanne
773 _aProject Management Journal
908 _aN
909 _a97793
999 _c97792
_d97792